| 000 | 00829nam a2200217Ia 4500 | ||
|---|---|---|---|
| 003 | Ost | ||
| 005 | 20260507075018.0 | ||
| 008 | 260507s9999||||xx |||||||||||||| ||und|| | ||
| 020 | _a2007249957 | ||
| 040 | _cfsecg | ||
| 041 | _aara | ||
| 082 | _a657.0151 | ||
| 100 |
_aأبو الزيت، حسن _eمؤلف |
||
| 245 | 0 |
_aتطبيقات ألفا في المحاسبة / _c حسن أبو الزيت |
|
| 260 |
_aعمان: _bدار صفاء, _c2002 |
||
| 300 |
_a234 صفحة؛ _bإيضاحات ؛ _c24 سم |
||
| 520 | _aنظام المحاسبة العامة-نظام الشيكات-نظام النقد والصندوق-نظام الأصول الثابتة-نظام العملاء-نظام المساهمين | ||
| 653 | _aالمحاسبة | ||
| 653 | _aالمحاسبة- الطرق الرياضية | ||
| 942 | _cكتاب | ||
| 999 |
_c42233 _d42233 |
||